Hurstbridge Line (Melbourne Train Network) - Statistics

General Stats
  • This quiz has been taken 356 times
  • The average score is 19 of 23
Answer Stats
# Answer % Correct
1 Hurstbridge
98%
4 Eltham
92%
23 Jolimont
91%
18 Clifton Hill
89%
21 North Richmond
88%
20 Collingwood
86%
6 Greensborough
85%
12 Ivanhoe
85%
22 West Richmond
85%
3 Diamond Creek
84%
10 Heidelberg
83%
19 Victoria Park
83%
9 Rosanna
82%
8 Macleod
80%
16 Dennis
79%
7 Watsonia
79%
14 Alphington
77%
15 Fairfield
77%
13 Darebin
76%
5 Montmorency
74%
17 Westgarth
74%
2 Wattle Glen
73%
11 Eaglemont
72%
No matching quizzes found
Score Distribution
Percent of People with Each Score
Percentile by Number Answered
Your Score History
You have not taken this quiz